Word Ladder: #1 Hits of the '80s Quiz Stats

 Plays Quiz Updated Aug 5, 2013

Support Sporcle.
Go Orange.
Score 0/24 Timer 03:00
1 Play Today
Hint 4-Letter Word % Correct
Taxis CABS
96.7%
Slightly wetDAMP
94.8%
Buildings for scientific experiments (abbr.)LABS
94.4%
A place where garbage is depositedDUMP
93.4%
Chicago ballplayersCUBS
92.6%
Scottish boysLADS
91.9%
Title for an unmarried womanMISS
90.1%
Lemon-lime flavored soft drink, 'Sierra ___'MIST
89.9%
Part of the boat that holds the sailMAST
89.6%
The Beatles' 'She ___ In Through The Bathroom Window'CAME
85.8%
Simon & Garfunkel's 'Parsley,___, Rosemary and Thyme'SAGE
83.3%
The largest country in the Greater AntillesCUBA
83.1%
Hint 4-Letter Word % Correct
Precedes 'fire' & 'ground'CAMP
82.9%
'Raising Arizona' & 'Face/Off' actorCAGE
82.4%
A trade center or marketMART
77.8%
♪#1 Hit of the 1980s by Van Halen♪♪JUMP♪
77.3%
Filled pastryTART
75.6%
Narrative or legend of heroic exploitsSAGA
75.5%
♪#1 Hit of the 1980s by Prince♪♪KISS♪
72%
Plantation in 'Gone With The Wind'TARA
67.9%
♪#1 Hit of the 1980s by Starship♪♪SARA♪
64.8%
♪#1 Hit of the 1980s by Kenny Rogers♪♪LADY♪
61.5%
Capital of South SudanJUBA
52.6%
1986 Golden Kite Award winner, '___ and the Magic Jinn'JUMA
50.9%

Today's Daily Dose

You're not logged in!

Compare scores with friends on all Sporcle quizzes.
OR
Log In

From the Vault

Before and After: Music

by SMcGrady

We can't help but wonder how these combined songs would do on the air.
Remove Ads.
Support Sporcle.
Get the best of Sporcle when you Go Orange. This ad-free experience offers more features, more stats, and more fun while also helping to support Sporcle. Thank you for becoming a member.

Show Comments

Extras

Top Quizzes Today


Score Distribution

Your Account Isn't Verified!

In order to create a playlist on Sporcle, you need to verify the email address you used during registration. Go to your Sporcle Settings to finish the process.

Report this User

Report this user for behavior that violates our Community Guidelines.

Details: